LEADER 01214nam a2200289 4500 001 000000359734 003 CaOOAMICUS 005 20240923114136.0 008 240909s2017 it 000 u ita r 020 $a978-88-498-4982-0 040 $aSeMil$bita 100 1 $aO'Leary, Dale.$0(OLS)http://semarc/name/120384 240 14$aThe Gender agenda.$0(OLS)http://semarc/title/450136 245 13$aLa guerra del gender /$cDale O'Leary ; edizione italiana a cura di Dina Nerozzi. 264 1$aSoveria Mannelli :$bRubbettino,$c2017. 300 $aXV, 203 p. ;$c21 cm 490 1 $aProblemi aperti ;$v210 650 4$aGender.$0(OLS)http://semarc/subject/15931 700 1 $aNerozzi, Dina.$0(OLS)http://semarc/name/120386 830 0$aProblemi aperti ;$v210.$0(OLS)http://semarc/title/11336 850 $aSeMil 852 $aSeMil$W1$xVenegono$y1$m2E III 320$j250916$B250794$CSeMilBibl$Z2$F250794 $81 961 $aBrambilla don Paolo - Omaggio 996 $6020$a978-88-498-4982-0$9(OLS)http://semarc/number/301223 996 $6245$aLa guerra del gender$9(OLS)http://semarc/title/450137 996 $6264$aSoveria Mannelli :$bRubbettino$9(OLS)http://semarc/publisher/32145 LEADER 01111nam a2200229 i 4500 001 000000178606 003 CaOOAMICUS 005 20090331000000.0 008 090331s1918 it u000 u fre u 013 $a156179 040 $aSeMil$bita 100 1 $aZeiller, Jacques <1878-1962>.$0(OLS)http://semarc/name/40449 245 14$aLes origines chrétiennes dans les provinces danubiennes de l'empire romain /$cpar Jacques Zeiller. 260 $aParis :$bBoccard,$c1918. 300 $aIV, 664 p., [1] c. geogr. rip. ;$c26 cm. 490 0 $aBibliothèque des écoles françaises d'Athènes et de Rome ;$vFascicule112. 500 $aContiene : Appendice ; Carte des provinces dabuniennes. 830 0$aBibliothèque des écoles françaises d'Athènes et de Rome ;$vFascicule112.$0(OLS)http://semarc/title/15031 850 $aSeMil 852 $aSeMil$W1$xVenegono$y1$m3A III 86$j129379$B129379$CSeMilBibl$Z2$F140628 $81 996 $6245$aLes origines chrétiennes dans les provinces danubiennes de l'empire romain$9(OLS)http://semarc/title/256535 996 $6260$aParis :$bBoccard$9(OLS)http://semarc/publisher/31835